000 00326 a2200121 4500
000 nam a22 7a 4500
005 20260218094443.0
020 _a9783031565717
100 _aPinar, Bilgin
_91116144
245 _aThinking globally aout world politics: Beyond global IR
260 _bSpiringer nature
_c2024
942 _cTEXL
999 _c1679927
_d1679927